000 00407nab a2200145Ia 4500
003 ES-SlBCS
005 20210601132102.0
008 140529s2004 xxu||||| |||| 00| 0 ger d
041 _ager
100 1 _aToeplitz, Karol
_9191499
245 0 0 _aEine Frage so alt wie die Menschheit...
_c Karol Toeplitz
650 0 4 _aCuestión
_9191500
773 0 _tParerga
_gnº. 1, 2004, págs. 15-20
_wRev1522
942 _cAR
999 _c574046
_d574046